D. Robustiano Hernández y el fondo de música para guitarra de Tobarra / (Record no. 178833)
[ view plain ]
| 000 -LEADER | |
|---|---|
| campo de control de longitud fija | 01239nam a2200325 i 4500 |
| 001 - NÚMERO DE CONTROL | |
| campo de control | 178833 |
| 003 - IDENTIFICADOR DE NÚMERO DE CONTROL | |
| campo de control | ES-MaACL |
| 005 - FECHA Y HORA DE LA ÚLTIMA TRANSACCIÓN | |
| campo de control | 20250823102415.0 |
| 008 - DATOS DE LONGITUD FIJA--INFORMACIÓN GENERAL | |
| campo de control de longitud fija | 110715s2009 sp ag |||| |bspa d |
| 020 ## - NÚMERO INTERNACIONAL ESTÁNDAR DEL LIBRO | |
| Número Internacional Estándar del Libro | 978-84-96800-33-5 |
| 080 ## - NÚMERO DE LA CLASIFICACIÓN DECIMAL UNIVERSAL | |
| Número de la Clasificación Decimal Universal | 787.61(460.288 Tobarra) |
| 080 ## - NÚMERO DE LA CLASIFICACIÓN DECIMAL UNIVERSAL | |
| Número de la Clasificación Decimal Universal | 929 Hernández, Robustiano |
| 100 1# - ENTRADA PRINCIPAL--NOMBRE DE PERSONA | |
| Nombre de persona | Gómez, Pedro Jesús. |
| 9 (RLIN) | 147349 |
| 245 10 - MENCIÓN DEL TÍTULO | |
| Título | D. Robustiano Hernández y el fondo de música para guitarra de Tobarra / |
| Mención de responsabilidad, etc. | Pedro Jesús Gómez. |
| 260 ## - PUBLICACIÓN, DISTRIBUCIÓN, ETC. | |
| Lugar de publicación, distribución, etc. | Albacete : |
| Nombre del editor, distribuidor, etc. | Instituto de Estudios Albacetense "Don Juan Manuel", |
| Fecha de publicación, distribución, etc. | 2009. |
| 300 ## - DESCRIPCIÓN FÍSICA | |
| Extensión | 157 p. : |
| Otras características físicas | il., mús. ; |
| Dimensiones | 24 cm. + |
| Material acompañante/anejo | 1 CD. |
| 490 1# - MENCIÓN DE SERIE | |
| Mención de serie | Serie VII - Imagen y sonido ; |
| Designación de volumen o secuencia | 1 |
| 500 ## - NOTA GENERAL | |
| Nota general | Índices. |
| 504 ## - NOTA DE BIBLIOGRAFÍA, ETC. | |
| Nota de bibliografía, etc. | Bibliografía: p.103-105. |
| 600 14 - PUNTO DE ACCESO ADICIONAL DE MATERIA--NOMBRE DE PERSONA | |
| Nombre de persona | Hernández, Robustiano. |
| 9 (RLIN) | 147351 |
| 650 #7 - PUNTO DE ACCESO ADICIONAL DE MATERIA--TÉRMINO DE MATERIA | |
| Término de materia o nombre geográfico como elemento de entrada | Música para guitarra |
| Fuente del encabezamiento o término | |
| 9 (RLIN) | 147350 |
| 650 04 - PUNTO DE ACCESO ADICIONAL DE MATERIA--TÉRMINO DE MATERIA | |
| Término de materia o nombre geográfico como elemento de entrada | Música- |
| Subdivisión geográfica | Albacete- |
| Subdivisión cronológica | S.XIX. |
| 9 (RLIN) | 15377 |
| 710 2# - ENTRADA AGREGADA--NOMBRE DE ENTIDAD CORPORATIVA | |
| Nombre de entidad corporativa o nombre de jurisdicción como elemento de entrada | Instituto de Estudios Albacetenses. |
| 9 (RLIN) | 4884 |
| 830 0# - PUNTO DE ACCESO ADICIONAL DE SERIE-TÍTULO UNIFORME | |
| Título uniforme | Serie VII - Imagen y sonido ; |
| Designación de volumen o secuencia | 1 |
| 9 (RLIN) | 224346 |
| 852 ## - LOCALIZACIÓN | |
| Ubicación | ES-MaACL |
| itemnumber | 185697 |
| Sublocalización o colección | R.145820 |
| Número de control de estantería | A-11337 |
| Ubicación en estantería | Depósito 1 |
| Signatura antigua | Olim: N-4341 |
| Encuadernación | Donación: Editorial |
| 852 ## - LOCALIZACIÓN | |
| Ubicación | ES-MaACL |
| Número de control de estantería | ROT 2/6/14 |
| itemnumber | 185698 |
| 942 ## - ELEMENTOS DE ENTRADA SECUNDARIOS (KOHA) | |
| Fuente del sistema de clasificación o colocación | Clasificación decimal universal |
| Tipo de ítem Koha | Libro impreso |
| Estatus retirado | Estado de pérdida | Fuente del sistema de clasificación o colocación | Estado de daño | No para préstamo | Biblioteca de origen | Biblioteca actual | Ubicación en estantería | Fecha de adquisición | Total de préstamos | Signatura topográfica completa | Código de barras | Visto por última vez | Precio de reemplazo | Tipo de ítem Koha | Fuente de adquisición |
|---|---|---|---|---|---|---|---|---|---|---|---|---|---|---|---|
| Clasificación decimal universal | Biblioteca del Ateneo de Madrid | Biblioteca del Ateneo de Madrid | Depósito | 15/07/2011 | ROT 2/6/14 | 1187852 | 23/02/2023 | 23/02/2023 | Archivo de ordenador en CD-ROM, CD o disquete | ||||||
| Clasificación decimal universal | Biblioteca del Ateneo de Madrid | Biblioteca del Ateneo de Madrid | Depósito 1 | 15/07/2011 | A-11337 | 1187851 | 23/02/2023 | 23/02/2023 | Libro impreso | Donación |
